Statistics for The BIG Quiz (Answers Contain "Big")

Click here to take the quiz!

General Stats

  • This quiz has been taken 203 times
    (129 since last reset)
  • The average score is 19 of 44

Answer Stats

HintAnswer% Correct
Theory explaining the large-scale expansion of the universeBig Bang
100%
Movie in which a young boy's wish is granted, and he becomes an adult overnightBig
98%
Lion, tiger, leopard, or jaguarBig cat
91%
New York CityBig Apple
90%
Main protagonist of Sesame StreetBig Bird
84%
An alleged human-like creature of North American folkloreBigfoot
75%
It's actually the bell, not the clock or the towerBig Ben
74%
MacDonald's signature burgerBig Mac
74%
A brand of chewing gum, or brand of cream sodaBig Red
67%
Reality TV show, or omniscient authoritarian figureBig Brother
64%
What Clifford was in the children's book and television seriesBig Red Dog
62%
Legendary rapperThe Notorious B.I.G.
59%
Movie in which the Dude just wants his rug back, man.The Big Lebowski
56%
A music genre, or group with ten or more musicians playing saxophones, trumpets, trombones, and rhythmBig band
55%
The criminal offence of marrying one person while still married to anotherBigamy
52%
New OrleansThe Big Easy
52%
Band famous for "To Be with You"...or Sex and the City characterMr. Big
50%
The seven brightest stars of Ursa MajorBig Dipper
49%
One who is intolerant of those who differBigot
48%
What Theodore Roosevelt carriedBig Stick
48%
Movie in which Adam Sandler finds himself in the custody of a 5-year-oldBig Daddy
45%
Actual American hamburger chainBig Boy
41%
CGI Disney film in which a young robotics prodigy forms a superhero teamBig Hero 6
38%
Future seismic event in the Los Angeles areaThe Big One
37%
American term for a semi-trailer truck, or eighteen-wheelerBig rig
36%
The largest wild sheep in North AmericaBighorn
35%
He died the day the music died.The Big Bopper
33%
American college sports conference which uses the singular word "B1G" within its logoBig Ten
28%
1986 American fantasy martial arts comedy film starring Kurt RussellBig Trouble in Little China
27%
2000 American action comedy film starring Martin LawrenceBig Momma's House
26%
Movie about profit being made from the 2007 financial crisisThe Big Short
24%
Movie in which an interracial couple must deal with cultural differences after one of them becomes illThe Big {Sick}
20%
Trump's favorite adverb?Bigly
19%
Movie about a former traveling salesman with a gift for storytelling confined to his deathbedBig Fish
18%
Subtitle of the feature-length South Park filmBigger, Longer & Uncut
17%
Tom Waits live album, or Peter Gabriel song about a man who is "making it"Big Time
16%
Movie about a manchild who just wants his bike backPee-Wee's Big Adventure
13%
Homosexual South Park character who is "super"Big Gay Al
12%
The debut solo studio album from Will Smith featuring "Getting Jiggy wit It"Big Willie Style
11%
1984 Alphaville song, or Tom Waits song, both popular in the eastBig in Japan
10%
The highest-grossing romantic comedy of all timeMy Big Fat Greek Wedding
10%
Electronic music genre that uses heavy breakbeats and synthesizer loopsBig beat
9%
A real big shot, or a fictional hamburger chain in Tarantino moviesBig Kahuna
9%
Theory explaining one scenario for an implosive end to the universeBig {Crunch}
7%

Score Distribution

Percentile by Number Answered

Percent of People with Each Score

Your Score History

You have not taken this quiz since the last reset